000 00295nam a2200121Ia 4500
008 190216s9999||||xx |||||||||||||| ||und||
100 _aWest B Douglas
245 0 _aIntroduction To Graph Theory 2nd Een
260 _bPhi Learning
_c2001
300 _a588
650 _aGraph Theory
942 _cBK
999 _c32433
_d32433